000 01669nam0a2200385 4500
001 RU\NLR\BIBL_A\022778163
005 20260607065806.0
010 _a978-5-6051293-7-0
_9600
021 _aRU
_bАЛ-П-26-00163и
_9АЛ-П-26-0024
035 _a(NLR Aleph) 022778163
090 _a13712902
_c13712902
100 _a20260407d2024 u y0rusy50 ca
101 0 _arus
102 _aRU
105 _aac z 000yb
181 0 _ab3
_b b2e
181 0 _ai2
_b xxe
182 0 _an
200 1 _aКрылатые мгновения
_eфотография в жизни Ростислава Алексеева
_e[фотоальбом]
_fТатьяна Алексеева
203 _aИзображение
_aТекст
_bвизуальные
_cнепосредственные
205 _a2-е изд.
210 _aНижний Новгород
_cКварц
_d2024
215 _a143, [1] с.
_cил., портр.
_d30
313 _aПред. изд. 2015 г.
333 _a12+
600 1 _aАлексеев
_bР.Е.
_f1916 - 1980
_gРостислав Евгеньевич
_jФотоальбомы
_9945114
_3RU\NLR\AUTH\6631752
675 _a629.5
686 1 _aЩ153(2Р=Рус)7-8Алексеев
686 1 _aО427.22д(2)я61
700 1 _7ca
_8rus
_aАлексеева
_bТ. Р.
_cсудовой инженер
_gТатьяна Ростиславовна
_952638
_3RU\NLR\AUTH\7769710
702 1 _4280
_8rus
_7ca
_aАлексеев
_bР. Е.
_cд-р техн. наук
_f1916-1980
_gРостислав Евгеньевич
_3RU\NLR\AUTH\7714338
_9124011
942 _cBOOK
980 _aNB